Night patrol / (Record no. 22601)

000 -LEADER
fixed length control field 00848nam a2200229 4500
008 - FIXED-LENGTH DATA ELEMENTS--GENERAL INFORMATION
fixed length control field 260416b xxu||||| |||| 00| 0 eng d
082 ## - DEWEY DECIMAL CLASSIFICATION NUMBER
Classification number 791.4372
Item number R9894
245 ## - TITLE STATEMENT
Title Night patrol /
Statement of responsibility, etc Directed and written by Ryan Prows.
260 ## - PUBLICATION, DISTRIBUTION, ETC. (IMPRINT)
Place of publication, distribution, etc United States : United Kingdom :
Name of publisher, distributor, etc Bondlt Media Capital : Phantom Four Films,
Date of publication, distribution, etc 2026.
300 ## - PHYSICAL DESCRIPTION
Extent 1 video file ca(103 min)
Other physical details sound, color
520 ## - SUMMARY, ETC.
Summary, etc An L.A. cop discovers a local task force is hiding a secret that puts the residents of his childhood neighborhood in danger.
650 ## - SUBJECT ADDED ENTRY--TOPICAL TERM
Topical term or geographic name as entry element Horror.
650 ## - SUBJECT ADDED ENTRY--TOPICAL TERM
Topical term or geographic name as entry element Mystery.
650 ## - SUBJECT ADDED ENTRY--TOPICAL TERM
Topical term or geographic name as entry element Thriller.
700 ## - ADDED ENTRY--PERSONAL NAME
Personal name Prows, Ryan, director and writer.
700 ## - ADDED ENTRY--PERSONAL NAME
Personal name Ogbonna, Shaye, writer.
700 ## - ADDED ENTRY--PERSONAL NAME
Personal name Cairo, Tim, writer.
700 ## - ADDED ENTRY--PERSONAL NAME
Personal name Fowler, Jermaine, star.
700 ## - ADDED ENTRY--PERSONAL NAME
Personal name Long, Justin, star.
700 ## - ADDED ENTRY--PERSONAL NAME
Personal name Gibbs, Freddie, star.
942 ## - ADDED ENTRY ELEMENTS (KOHA)
Source of classification or shelving scheme
Item type Audio-Visual Materials
Holdings
Source of acquisition Price effective from Permanent location Date last seen Not for loan Date acquired Source of classification or shelving scheme Koha item type Collection code Shelving location Damaged status Lost status Withdrawn status Current location Full call number
Donations2026-04-16Cagayan State University - Carig Library2026-04-16 2026-04-16 Audio-Visual MaterialsElectronic Media CenterElectronic Media Center   Cagayan State University - Carig Library791.4372 R9894

Cagayan State University University Library, Carig Campus
Tuguegarao City, Cagayan 3500 | www.csucarig.edu.ph

Powered by Koha